|
|
|
|
| LEADER |
01221cam a22002772 4500 |
| 001 |
1845 |
| 003 |
BD-DhAAL |
| 005 |
20151017135805.0 |
| 008 |
151017s1946 nyu 000 0 eng |
| 010 |
|
|
|a 47017404
|
| 020 |
|
|
|a 0671530909
|
| 040 |
|
|
|a DLC
|c CarP
|d DLC
|d BD-DhAAL
|
| 050 |
0 |
0 |
|a PE1591
|b .M4 1946
|
| 082 |
|
|
|a 423/.12
|
| 100 |
1 |
|
|a Mawson, C. O. Sylvester
|q (Christopher Orlando Sylvester),
|d 1870-1938,
|e ed.
|9 12738
|
| 240 |
0 |
0 |
|a Treasury of words [from old catalog]
|
| 245 |
0 |
0 |
|a Roget's pocket thesaurus, based on Roget's international thesaurus of English words and phrases,
|c edited by C.O. Sylvester Mawson, assisted by Katharine Aldrich Whiting.
|
| 260 |
|
|
|a New York,
|b Pocket books, inc.
|c [1946]
|
| 300 |
|
|
|a xxvi, 484 p.
|c 17 cm.
|
| 541 |
|
|
|e 1845
|
| 650 |
|
0 |
|a English language
|x Synonyms and antonyms.
|9 12737
|
| 700 |
1 |
|
|a Whiting, Katharine Aldrich,
|d 1877- [from old catalog]
|e joint ed.
|9 15494
|
| 700 |
1 |
|
|a Roget, Peter Mark,
|d 1779-1869.
|t Thesaurus of English words and phrases. [from old catalog]
|9 15495
|
| 942 |
|
|
|2 ddc
|c BK
|
| 999 |
|
|
|c 35816
|d 35816
|
| 952 |
|
|
|0 0
|1 0
|2 ddc
|4 0
|6 423_000000000000000__12_MAW
|7 0
|9 56341
|a SCL
|b SCL
|c GEN
|d 2015-10-17
|l 0
|o 423.12 MAW
|p 3020001815
|r 2015-10-17
|t 1
|w 2015-10-17
|y BK
|